000
00335 a2200157 4500
001
56500
020
_a
8516012018
040
_c
Anchieta - Pituba
100
_a
Costa, Wagner
240
1
0
_a
Eu, pescador de mim
_l
por
245
1
0
_a
Eu, pescador de mim
300
_a
88
362
0
_a
1995
650
4
_a
Literatura juvenil
942
_c
BK
999
_c
56500
_d
56500